| 000 | 01218nam a22003257a 4500 | ||
|---|---|---|---|
| 003 | CHAP | ||
| 005 | 20220817044114.0 | ||
| 008 | 060531d2005 mx bd r 00110 spa d | ||
| 010 | _a92316 | ||
| 011 | _a93288 | ||
| 035 | _a103860 | ||
| 040 | _cCHAP | ||
| 082 | 0 | 4 |
_a333.0972 _bR62 |
| 100 | 1 |
_aRobles Berlanga, Héctor Manuel. _998061 |
|
| 245 | 1 | 4 |
_aLos tratos agrarios: _bvía campesina de acceso a la tierra. La experiencia de San Idelfonso Tultepec _c/por Héctor Manuel Robles Berlanga |
| 260 |
_aMéxico, D. F. : _bCentro de Estudios para el Desarrollo Rural Sustentable y la Soberanía Alimentaria, _c2005 |
||
| 300 |
_a68 p. : _bmapas ; cuadros ; diagramas |
||
| 590 |
_aBATCH-UPD _b10 _c20130110 _lUCH01 _h0952 |
||
| 590 |
_aBATCH-UPD _b10 _c20130410 _lUCH01 _h0605 |
||
| 590 |
_aBATCH-UPD _b10 _c20130914 _lUCH01 _h0830 |
||
| 590 |
_aCONVERSION _b10 _c20130109 _lUCH01 _h1351 |
||
| 650 | 1 | 4 |
_aCampesinado _zMéxico. |
| 650 | 1 | 4 |
_aPolítica agrícola _zMéxico. |
| 650 | 1 | 4 |
_aTierras _xTenencia _xLeyes. _9113179 |
| 650 | 1 | 4 |
_aTierras _xTenencia _zMéxico. _9113215 |
| 901 | _aBK | ||
| 905 | _aMarco A. Mendoza T. | ||
| 942 | _cLIBRO | ||
| 949 |
_a333.0972 R62 _bBC _cLIBRO _d33724000990768 _eLIBRO _h108059 _i103860 _sb |
||
| 999 |
_c92316 _d92316 |
||